Library without walls / (Record no. 64736)

MARC details
000 -LEADER
fixed length control field 00476nam a22001577a 4500
005 - DATE AND TIME OF LATEST TRANSACTION
control field 20180821145004.0
020 ## - INTERNATIONAL STANDARD BOOK NUMBER
International Standard Book Number 8170004225
Terms of availability 750.00
035 ## - SYSTEM CONTROL NUMBER
System control number B-220024, B-220031
037 ## - SOURCE OF ACQUISITION
Stock number DPL
Source of stock number/acquisition ENG
100 ## - MAIN ENTRY--PERSONAL NAME
Personal name Singh, Ajay Pratap
245 ## - TITLE STATEMENT
Title Library without walls /
Statement of responsibility, etc by Ajay Pratap Singh and T.A.V. Murthy
260 ## - PUBLICATION, DISTRIBUTION, ETC. (IMPRINT)
Place of publication, distribution, etc New Delhi
Name of publisher, distributor, etc Ess Ess Publications
Date of publication, distribution, etc 2005
300 ## - PHYSICAL DESCRIPTION
Extent 357p.
Dimensions 22 cms.
700 ## - ADDED ENTRY--PERSONAL NAME
Personal name Murthy, T.A.V.
9 (RLIN) 44818
942 ## - ADDED ENTRY ELEMENTS (KOHA)
Source of classification or shelving scheme Dewey Decimal Classification
Item type English Books
Classification part 026.004
Call number suffix AJA
Holdings
Withdrawn status Lost status Not for loan Collection code Home library Current library Date acquired Cost, normal purchase price Full call number Barcode Cost, replacement price Koha item type Source of acquisition
      Non-fiction Sarojini Nagar Sarojini Nagar 07/04/2012 750.00 026.004 AJA B-220024 750.00 English Books  
      Non-fiction Shahdara Branch Shahdara Branch 21/08/2018 750.00 026.004 AJA B-220031 750.00 English Books BPPD/PUB

© Delhi Public Library
Hit Counter
free hit counter